| 000 | 00670nam a22002417a 4500 | ||
|---|---|---|---|
| 003 | KOHA_MİRAKIL | ||
| 005 | 20260511065633.0 | ||
| 008 | 260507b tu ||||| |||| 00| 0 tur d | ||
| 020 | _a9786059331081 | ||
| 040 |
_aTR-AnABB _btur _cTR-AnABB |
||
| 041 | _atur | ||
| 082 |
_a320.9561 _bZIL 2016 |
||
| 100 | 1 | _aZilleli, Ümit | |
| 245 | 1 | 0 |
_aEfendiler ve uşakları / _cÜmit Zileli |
| 250 | _a1. baskı | ||
| 260 |
_aİstanbul : _bAsikitap, _c2016 |
||
| 300 |
_a233 sayfa ; _c20 cm |
||
| 490 | 0 |
_aAsikitap ; _v21 |
|
| 490 | 0 |
_aAraştırma ; _v13 |
|
| 650 | 0 | 4 | _aSiyasal süreçler, Türkiye |
| 900 | _bCan ÇELIK | ||
| 942 |
_2ddc _cBK |
||
| 999 |
_c10357 _d10357 |
||